000
00325nam a2200121Ia 4500
008
240624s9999 xx 000 0 und d
041
_a
eng
082
_a
060 MAH
100
_a
MAHESHWARAN S
245
_a
ROLE OF MANAGEMENT SCIENCE IN DECISION M
260
_c
2009
_a
New Delhi
_b
Excel Books
300
_a
x, : 534 : p. : cm. ; 24
999
_c
17040
_d
17040